[Event "IECG TG.2003.0.15060"]
[Site "IECG email"]
[Date "2003.12.03"]
[Round "2"]
[White "Eubank, Donald"]
[Black "Manning, Ronald"]
[Result "1-0"]
[WhiteElo "800"]
[BlackElo "800"]
[PlyCount "41"]
[EventDate "2003.12.03"]
[EventType "match (corr)"]
[EventRounds "2"]
[SourceTitle "Corr 2008"]
[Source "ChessBase"]
[SourceDate "2008.06.24"]
[SourceVersion "1"]
[SourceVersionDate "2008.06.24"]
[SourceQuality "1"]

1. e4 Nf6 2. e5 Nd5 3. d4 d6 4. c4 Nb6 5. exd6 cxd6 6. Nf3 g6 7. Nc3 Bg7 8. Be2 0-0 9. 0-0 Nc6 10. Nb5 Bg4 11. Be3 Nb4 12. a3 Na6 13. Ng5 d5 14. Bxg4 Nxc4 15. Bc1 h6 16. Nf3 h5 17. Bh3 Nc7 18. Nxc7 Qxc7 19. Re1 Rac8 20. b3 Nb6 21. Bxc8 1-0